[Event "Ostersund Storsjodraget op"]
[Site "Ostersund"]
[Date "2022.06.10"]
[Round "1"]
[White "Roulet Dubonnet, Emerik Vapenstad"]
[Black "Oberg, Bengt"]
[Result "1-0"]
[WhiteElo "2118"]
[BlackElo "1637"]
[PlyCount "62"]
[EventDate "2022.06.10"]
[EventType "swiss"]
[EventRounds "7"]
[EventCountry "SWE"]
[SourceTitle "CBM 208 Extra"]
[Source "ChessBase"]
[SourceDate "2022.07.31"]
[SourceVersion "1"]
[SourceVersionDate "2022.07.31"]
[SourceQuality "1"]

1. d4 e6 2. c4 f5 3. g3 Nf6 4. Bg2 Be7 5. Nf3 0-0 6. 0-0 c6 7. b3 a5 8. Ba3 d6 9. Qc1 Na6 10. Nc3 Nb4 11. Bb2 Ne4 12. Rd1 Qc7 13. a3 Na6 14. Qc2 d5 15. e3 Rf6 16. Ne2 Bd7 17. Nf4 Rh6 18. Rac1 Rf8 19. cxd5 exd5 20. Nxd5 Qd8 21. Nc3 Nf6 22. d5 Qb8 23. Rd2 Nc5 24. Nd4 Ng4 25. dxc6 bxc6 26. Nf3 Be6 27. Re1 Bxb3 28. Qc1 Ne4 29. Rd7 Bf6 30. Re2 Qc8 31. Ra7 Qd8 1-0

[Event "Ostersund Jamt Cup"]
[Site "Ostersund"]
[Date "2019.12.26"]
[Round "6"]
[White "Oberg, Bengt"]
[Black "Henriksson, Marie"]
[Result "1-0"]
[WhiteElo "1630"]
[BlackElo "1103"]
[PlyCount "87"]
[EventDate "2019.12.26"]
[EventType "swiss"]
[EventRounds "7"]
[EventCountry "SWE"]
[SourceTitle "CBM 194 Extra"]
[Source "ChessBase"]
[SourceDate "2020.03.31"]
[SourceVersion "1"]
[SourceVersionDate "2020.03.31"]
[SourceQuality "1"]

1. c4 d6 2. Nc3 Nd7 3. e3 e5 4. a3 b6 5. b4 Bb7 6. Bb2 g6 7. f3 Bg7 8. Qc2 Ngf6 9. Nge2 0-0 10. Ng3 c5 11. d3 a6 12. Be2 cxb4 13. axb4 Bc6 14. b5 axb5 15. Rxa8 Qxa8 16. cxb5 Bb7 17. 0-0 Nc5 18. Ra1 Qc8 19. e4 d5 20. Nxd5 Nxd5 21. exd5 Bxd5 22. Ba3 e4 23. Rc1 exd3 24. Bxd3 Re8 25. Bxc5 bxc5 26. Ne4 Rd8 27. Nxc5 Qa8 28. Be4 Bxe4 29. Nxe4 Qa7+ 30. Kh1 h6 31. Qc6 Qe7 32. b6 Be5 33. b7 Kg7 34. g3 f5 35. Nc5 Rd6 36. Qc8 Rb6 37. Rd1 Kf6 38. Qh8+ Kf7 39. Qh7+ Kf6 40. Qxe7+ Kxe7 41. Rd7+ Kf6 42. f4 Bc3 43. Rd8 Ke7 44. b8Q 1-0

[Event "Ostersund Storsjodraget op"]
[Site "Ostersund"]
[Date "2019.06.16"]
[Round "7"]
[White "Oberg, Bengt"]
[Black "Hagstrom, Jacob"]
[Result "0-1"]
[WhiteElo "1673"]
[BlackElo "1761"]
[PlyCount "48"]
[EventDate "2019.06.14"]
[EventType "swiss"]
[EventRounds "7"]
[EventCountry "SWE"]
[SourceTitle "CBM 192 Extra"]
[Source "Chessbase"]
[SourceDate "2019.11.06"]
[SourceVersion "1"]
[SourceVersionDate "2019.11.06"]
[SourceQuality "1"]

1. c4 e5 2. Nc3 Nf6 3. Qc2 c6 4. e4 Bb4 5. d3 h6 6. a3 Bxc3+ 7. Qxc3 d6 8. Nf3 c5 9. Be3 a5 10. Nxe5 dxe5 11. Qxe5+ Be6 12. Qxc5 Nbd7 13. Qb5 0-0 14. 0-0-0 Ng4 15. Bc5 Re8 16. h3 Nxc5 17. hxg4 Rc8 18. f3 Bd7 19. d4 Bxb5 20. dxc5 Qg5+ 21. Kb1 Ba4 22. Rh5 Qe3 23. c6 bxc6 24. Rc1 Rb8 0-1

[Event "Ostersund Storsjodraget op"]
[Site "Ostersund"]
[Date "2019.06.14"]
[Round "1"]
[White "Oberg, Bengt"]
[Black "Soderstrom, Adrian"]
[Result "0-1"]
[WhiteElo "1673"]
[BlackElo "2136"]
[PlyCount "54"]
[EventDate "2019.06.14"]
[EventType "swiss"]
[EventRounds "7"]
[EventCountry "SWE"]
[SourceTitle "CBM 192 Extra"]
[Source "Chessbase"]
[SourceDate "2019.11.06"]
[SourceVersion "1"]
[SourceVersionDate "2019.11.06"]
[SourceQuality "1"]

1. c4 c5 2. Nc3 g6 3. e4 Bg7 4. Qc2 Nc6 5. a3 d6 6. Nf3 e6 7. d3 Nge7 8. Be2 0-0 9. 0-0 b6 10. Rb1 d5 11. b4 d4 12. Na4 Qd6 13. bxc5 bxc5 14. g3 f5 15. Bf4 e5 16. Bc1 fxe4 17. Nh4 Bh3 18. Ng2 exd3 19. Bxd3 Bf5 20. Re1 Bxd3 21. Qxd3 Nd8 22. Qe4 Ne6 23. Rb7 Rfb8 24. Rxb8+ Rxb8 25. Bd2 Qc6 26. Qc2 d3 27. Qd1 Nd4 0-1

[Event "Ostersund Jamt Cup"]
[Site "Ostersund"]
[Date "2018.12.27"]
[Round "3"]
[White "Oberg, Bengt"]
[Black "Fridman, Arvid"]
[Result "0-1"]
[WhiteElo "1659"]
[BlackElo "1091"]
[PlyCount "86"]
[EventDate "2018.12.27"]
[EventType "swiss"]
[EventRounds "7"]
[EventCountry "SWE"]
[SourceTitle "CBM 188 Extra"]
[Source "ChessBase"]
[SourceDate "2019.02.26"]
[SourceVersion "1"]
[SourceVersionDate "2019.02.26"]
[SourceQuality "1"]

1. c4 e5 2. Nc3 Nf6 3. Qc2 Bc5 4. e3 Nc6 5. a3 a5 6. b3 d5 7. cxd5 Nxd5 8. Bb2 Nce7 9. Nf3 f6 10. Bc4 c6 11. e4 Nb6 12. Ne2 Nxc4 13. Qxc4 Qd6 14. 0-0 Be6 15. Qc2 0-0 16. d4 exd4 17. Nexd4 Bf7 18. Rfd1 Bb6 19. Nf5 Qc7 20. Rd2 Nxf5 21. exf5 Rad8 22. Rad1 Rxd2 23. Rxd2 Rd8 24. g3 Rxd2 25. Nxd2 Qd7 26. b4 axb4 27. axb4 Bc7 28. h4 Qe7 29. Qe4 Qxe4 30. Nxe4 Bd5 31. Nc5 b6 32. Ne6 Bxe6 33. fxe6 Kf8 34. f4 Bd6 35. Bc3 Ke7 36. Kf2 Kxe6 37. Kf3 Kd5 38. g4 Kc4 39. Be1 Bxb4 40. Bf2 Bc5 41. Be1 Kd5 42. g5 f5 43. h5 g6 0-1

[Event "Ostersund Hurtigfeiden op"]
[Site "Ostersund"]
[Date "2018.08.26"]
[Round "6"]
[White "Granlund, Sebastian"]
[Black "Oberg, Bengt"]
[Result "1-0"]
[WhiteElo "1453"]
[BlackElo "1684"]
[PlyCount "69"]
[EventDate "2018.08.26"]
[EventType "swiss"]
[EventRounds "7"]
[EventCountry "SWE"]
[SourceTitle "CBM 186 Extra"]
[Source "ChessBase"]
[SourceDate "2018.08.24"]
[SourceVersion "1"]
[SourceVersionDate "2018.08.24"]
[SourceQuality "1"]

1. d4 e6 2. c4 d5 3. Nc3 dxc4 4. e3 Nf6 5. Bxc4 Be7 6. Nf3 Nc6 7. 0-0 0-0 8. h3 a6 9. a3 b5 10. Bd3 Bb7 11. Qe2 h6 12. Bd2 Bd6 13. Rac1 Ne7 14. Bb1 Ng6 15. Rfd1 Qc8 16. Be1 Re8 17. Bxg6 fxg6 18. Ne5 Bxe5 19. dxe5 Nd5 20. Qg4 g5 21. h4 gxh4 22. Nxd5 Bxd5 23. Qxh4 Rf8 24. e4 Bc4 25. Rc3 a5 26. b3 Be2 27. Rd2 b4 28. Rg3 Bb5 29. a4 Bc6 30. Qxh6 Rf7 31. Qh4 Qb7 32. Rh3 Kf8 33. Rd8+ Rxd8 34. Qxd8+ Be8 35. Rh8# 1-0

[Event "Ostersund Hurtigfeiden op"]
[Site "Ostersund"]
[Date "2018.08.26"]
[Round "2"]
[White "Monsoy, Arild Edin"]
[Black "Oberg, Bengt"]
[Result "1-0"]
[WhiteElo "1953"]
[BlackElo "1684"]
[PlyCount "61"]
[EventDate "2018.08.26"]
[EventType "swiss"]
[EventRounds "7"]
[EventCountry "SWE"]
[SourceTitle "CBM 186 Extra"]
[Source "ChessBase"]
[SourceDate "2018.08.24"]
[SourceVersion "1"]
[SourceVersionDate "2018.08.24"]
[SourceQuality "1"]

1. c4 e6 2. Nc3 Nf6 3. e4 d6 4. g3 c5 5. Bg2 e5 6. d3 Nc6 7. Nge2 Be7 8. 0-0 0-0 9. h3 a6 10. a4 Nd4 11. f4 Nxe2+ 12. Qxe2 Rb8 13. f5 h6 14. g4 Nh7 15. Nd5 Bh4 16. Be3 Bd7 17. b4 cxb4 18. Bb6 Qe8 19. Bc7 Be7 20. Bxb8 Bc6 21. Ba7 Bd8 22. Be3 Bxa4 23. Nxb4 Nf6 24. Nd5 Nxd5 25. exd5 b5 26. c5 Bc7 27. c6 Kh7 28. f6 g6 29. Be4 Qb8 30. Qf2 Re8 31. Qh4 1-0